| 000 | 00676nam a2200241Ia 4500 | ||
|---|---|---|---|
| 003 | OSt | ||
| 005 | 20220923224340.0 | ||
| 006 | a|||||r|||| 00| 0 | ||
| 007 | ta | ||
| 008 | Pun | ||
| 024 | _a231,513 | ||
| 037 | _cTextual | ||
| 040 |
_aARTS _cARTS _bPun |
||
| 041 |
_2Pun _aPun |
||
| 082 | _aO153w, K4 | ||
| 100 |
_aਗਾਰਗੀ, ਬਲਵੰਤ _9156290 |
||
| 245 | 0 | _aਸੁਕਮੇ ਵਾਲੀ ਅੱਖ | |
| 260 |
_aਦਿੱਲੀ _b ਨਵਯੁਗ ਪੈ੍ਰਸ _c1964 |
||
| 300 |
_a156ਪੰ _ccm. |
||
| 650 | _aਪੰਜਾਬੀ ਸਾਹਿਤ | ||
| 942 |
_hO153w, K4 _cTEXL _2CC |
||
| 999 |
_c370860 _d370860 |
||